| 000 | 00444nam a2200181Ia 4500 | ||
|---|---|---|---|
| 008 | 240925s9999 xx 000 0 und d | ||
| 020 | _a9780764553639 | ||
| 082 | _a658.85 HOP | ||
| 100 | _aHopins, Tom. | ||
| 245 | 0 | _aSelling for Dummies | |
| 250 | _a2nd | ||
| 260 |
_aNew York: _bJohn Wiley & Sons _c,2001. |
||
| 300 |
_a574p. _bNA _fOriginal |
||
| 500 | _aIncludes Index | ||
| 600 | _aManagement | ||
| 650 | _aManagement | ||
| 942 | _cBK | ||
| 999 |
_c14777 _d14777 |
||